| 000 | 00374nam a22001097a 4500 | ||
|---|---|---|---|
| 008 | 160509b xxu||||| |||| 00| 0 eng d | ||
| 100 | _aAB Philatelia | ||
| 245 | _aSveriges frimarken i farg : AB Philatelias Specialkatalog, 1855-1983 | ||
| 260 |
_aKage, Sweden _bAB Philatelia _c1983 |
||
| 650 | _aSweden | Catalogs and Price Lists | Dealer Publications | ||
| 700 | _aBurstrom, Rolf | ||
| 999 |
_c1986 _d1986 |
||